书目信息 |
| 题名: |
山水画基础技法
|
|
| 作者: | 蓝钱 | |
| 分册: | ||
| 出版信息: | 浙江美术学院出版社 1988.05 |
|
| 页数: | 91页 | |
| 开本: | 16开 | |
| 丛书名: | ||
| 单 册: | ||
| 中图分类: | J211.26 | |
| 科图分类: | ||
| 主题词: | 绘画--技法(美术) | |
| 电子资源: | ||
| ISBN: | 978-7-5475-1333-0 | |
| 000 | 00518nam0 2200193 45 | |
| 001 | 0308271060 | |
| 005 | 20030827105707.6 | |
| 010 | @a978-7-5475-1333-0 | |
| 100 | @a20030827d1988 km y0chiy0120 ea | |
| 101 | @achi | |
| 105 | @a z 000yy | |
| 200 | 1 | @a山水画基础技法@Ashan shui hua ji chu ji fa@f蓝钱@Flan qian |
| 210 | @c浙江美术学院出版社@d1988.05 | |
| 215 | @a91页@c无图表@d16开 | |
| 606 | 0 | @a绘画@x技法(美术) |
| 690 | @aJ211.26@v3 | |
| 701 | 0 | @a蓝钱 |
| 801 | @aCN@b@c20030827 | |
| 905 | @aBZT@dJ211.26@e74 | |
| 山水画基础技法/蓝钱.-浙江美术学院出版社,1988.05 |
| 91页:无图表;16开 |
| ISBN 978-7-5475-1333-0: |
| ● |
| 相关链接 |
|
|
|
正题名:山水画基础技法
索取号:J211.26/74
 
预约/预借
| 序号 | 登录号 | 条形码 | 馆藏地/架位号 | 状态 | 备注 |
| 1 | 102817 | 200056063 | 中心书库中库/ 中库018架A面6列7层9/ [索取号:J211.26/74] | 在馆 |